书目信息 |
| 题名: |
伯罗奔尼撒战争史
|
|
| 作者: | 修昔底德 著 ;谢德凤 译 | |
| 分册: | 上 | |
| 出版信息: | 北京 商务印书馆 1964.04 |
|
| 页数: | 351页 | |
| 开本: | 21cm | |
| 丛书名: | ||
| 单 册: | ||
| 中图分类: | K545.2 | |
| 科图分类: | ||
| 主题词: | 南欧--历史 | |
| 电子资源: | ||
| ISBN: | ||
| 000 | 00666nam0 2200229 45 | |
| 001 | 0212041644 | |
| 005 | 20040512084224.9 | |
| 010 | @dCNY5.05 | |
| 091 | @a11017.96 | |
| 100 | @a20021204d1964 km y0chiy0120 ea | |
| 101 | 0 | @achi |
| 105 | @a z 000yy | |
| 200 | 1 | @a伯罗奔尼撒战争史@h上@ABo Luo Ben Ni Sa Zhan Zheng Shi@f(古希腊)修昔底德著@F(Gu Xi La)Xiu Xi Di De Zhu@g谢德凤译 |
| 210 | @a北京@c商务印书馆@d1964.04 | |
| 215 | @a351页@d21cm | |
| 300 | @a附录:阿基达马斯战争综合表 | |
| 606 | 0 | @a南欧@x历史 |
| 690 | @aK545.2@v3 | |
| 701 | 0 | @a修昔底德@4著 |
| 702 | 0 | @a谢德凤@AXie De Feng@4译 |
| 801 | @aCN@bTSTC@c20021204 | |
| 905 | @dK545.2@e2:1@f1@b162486 | |
| 伯罗奔尼撒战争史.上/(古希腊)修昔底德著/谢德凤译.-北京:商务印书馆,1964.04 |
| 351页;21cm |
| 附录:阿基达马斯战争综合表 |
| ISBN :CNY5.05 |
| ● |
| 相关链接 |
|
|
|
|
正题名:伯罗奔尼撒战争史
索取号:K545.2/2:1
 
预约/预借
| 序号 | 登录号 | 条形码 | 馆藏地/架位号 | 状态 | 备注 |
| 1 | 0162486 | 001395671 | 第二借阅区/ [索取号:K545.2/2:1] | 在馆 | |
| 2 | 0162487 | 202441599 | 第二样本阅览室/ [索取号:K545.2/2:1] | 在馆 |